Flagi państw Ameryki Północnej - Statystyki

Ogólne statystyki
  • Ten quiz został rozwiązany 222 razy
  • Średni wynik to 18 z 23
Statystyki odpowiedzi
Obrazkowy Odpowiedź % Poprawnych
Kanada
96%
Stany Zjednoczone
96%
Meksyk
93%
Jamajka
91%
Panama
89%
Barbados
86%
Bahamy
82%
Dominikana
82%
Dominika
81%
Honduras
81%
Belize
79%
Haiti
79%
Kuba
78%
Antigua i Barbuda
75%
Saint Lucia
75%
Kostaryka
73%
Gwatemala
71%
Salwador
71%
Trynidad i Tobago
71%
Nikaragua
70%
Saint Vincent i Grenadyny
66%
Grenada
64%
Saint Kitts i Nevis
64%
Nie znaleziono quizów pasujących do podanych kryteriów
Rozkład punktacji
Procent ludzi z każdym wynikiem
Percentyl według liczby udzielonych odpowiedzi
Twoja historia wyników
Nie rozwiązałeś tego quizu